000 00299nam a22001337a 4500
082 _a001.2 RAS
100 _aRasheed Chudari
245 _aWaqiat-e-aalam
260 _aLahore
_bBook Foraut
_c2013
300 _a240
_bH.B
650 _aWaqiat-e-aalam
700 _aRasheed Chudari
942 _cBK
999 _c490621
_d490621